Inside Asia / (Record no. 23290)

MARC details
000 -LEADER
fixed length control field 00853cam a2200277 4500
001 - CONTROL NUMBER
control field 1261101
003 - CONTROL NUMBER IDENTIFIER
control field BDDh-ASL
005 - DATE AND TIME OF LATEST TRANSACTION
control field 20231015030224.0
008 - FIXED-LENGTH DATA ELEMENTS--GENERAL INFORMATION
fixed length control field 740820r1974 ctub b 001 0ceng
010 ## - LIBRARY OF CONGRESS CONTROL NUMBER
LC control number 74015554
020 ## - INTERNATIONAL STANDARD BOOK NUMBER
International Standard Book Number 0837178258
040 ## - CATALOGING SOURCE
Original cataloging agency DLC
Transcribing agency DLC
Modifying agency DLC
-- BDDh-ASL
043 ## - GEOGRAPHIC AREA CODE
Geographic area code a------
050 00 - LIBRARY OF CONGRESS CALL NUMBER
Classification number DS35
Item number .G8 1974
082 00 - DEWEY DECIMAL CLASSIFICATION NUMBER
Classification number 950
Item number GUI
100 1# - MAIN ENTRY--PERSONAL NAME
Personal name Gunther, John,
Dates associated with a name 1901-1970.
245 10 - TITLE STATEMENT
Title Inside Asia /
260 ## - PUBLICATION, DISTRIBUTION, ETC.
Place of publication, distribution, etc. Westport, Conn. :
-- New York:
Name of publisher, distributor, etc. Greenwood Press,
-- Harper and Brothers,
Date of publication, distribution, etc. [1974, c1942]
300 ## - PHYSICAL DESCRIPTION
Extent xii, 637 p. :
Other physical details maps.
Dimensions 22 cm.
500 ## - GENERAL NOTE
General note Reprint of the ed. published by Harper, New York.
504 ## - BIBLIOGRAPHY, ETC. NOTE
Bibliography, etc. note Bibliography: p. 608-611.
651 #0 - SUBJECT ADDED ENTRY--GEOGRAPHIC NAME
Geographic name Asia
General subdivision Politics and government
Chronological subdivision 1945-
651 #0 - SUBJECT ADDED ENTRY--GEOGRAPHIC NAME
Geographic name Asia
General subdivision Biography.
906 ## - LOCAL DATA ELEMENT F, LDF (RLIN)
a 7
b cbc
c orignew
d 1
e ocip
f 19
g y-gencatlg
942 ## - ADDED ENTRY ELEMENTS (KOHA)
Source of classification or shelving scheme Dewey Decimal Classification
Koha item type Books
Holdings
Withdrawn status Lost status Source of classification or shelving scheme Damaged status Not for loan Collection code Home library Current library Shelving location Date acquired Source of acquisition Total Checkouts Full call number Barcode Date last seen Copy number Price effective from Koha item type Public note
    Dewey Decimal Classification     Non-fiction Asiatic Society Library Asiatic Society Library General Stacks 03/23/2021 ASB Library Collections   950 GUI 107705 03/23/2021 C-1 03/23/2021 Books RARE

Powered by Koha